Maisie Peters - Coming of Age - Statistics

General Stats
  • This quiz has been taken 35 times
  • The average score is 258 of 285
Answer Stats
Answer % Correct
a
100%
age
100%
And
100%
and
100%
But
100%
coming
100%
I
100%
is
100%
it
100%
it?
100%
it,
100%
me
100%
me,
100%
my
100%
of
100%
Of
100%
Oh,
100%
oh
100%
Oh
100%
oh,
100%
So
100%
this
100%
to
100%
was
100%
Why
100%
you
100%
You
100%
Your
100%
your
100%
affair
95%
Ages
95%
did
95%
in
95%
it’s
95%
just
95%
Like,
95%
like
95%
love
95%
no,
95%
on
95%
Or
95%
take
95%
the
95%
all
90%
guess
90%
I’m
90%
know
90%
seen
90%
song
90%
stage
90%
that
90%
am
85%
cliché
85%
couldn’t
85%
daylight
85%
different
85%
don’t
85%
face
85%
had
85%
If
85%
I’ll
85%
late
85%
Looks
85%
lot
85%
nights?
85%
read
85%
sooner
85%
speaking
85%
wasn’t
85%
what
85%
wish
85%
Baby,
80%
could’ve
80%
course
80%
erase
80%
heart
80%
made
80%
say
80%
tattoo
80%
waistline
80%
would’ve
80%
behind
75%
big
75%
burning
75%
butcher
75%
CDs
75%
easy
75%
God
75%
God,
75%
Iliad
75%
leave
75%
mean
75%
parts
75%
star
75%
come
70%
escape
70%
felt
70%
fluorescent
70%
How
70%
keep
70%
kiss
70%
let
70%
stole
70%
blood
65%
first
65%
new
65%
page
65%
snakebite?
65%
woah,
65%
away
60%
paid
60%
playwright
60%
silence
60%
airwaves
55%
baseline
55%
ground
55%
Printing
50%
send
45%
quarrying
30%
tame
20%
No matching quizzes found
Score Distribution
Percent of People with Each Score
Percentile by Number Answered
Your Score History
You have not taken this quiz